000 00631nam a2200217Ia 4500
001 998
003 GE_BSU
008 181216s||||||||xx |||||||||||||| ||und||
020 _a5691011529
040 _cGE_BSU
080 _a911(075.8)
100 _aПритула,Т.Ю.;Еремина,В.А.;Спрялин,А.Н.
245 _aФизичекая география материков и океанов
260 _aМосква
260 _bВладос
260 _c2003
300 _a686стр.
541 _h23л.
653 _aФизичекая география материков и океанов
942 _cBK
999 _c35156
_d35156